00767nam a22001937a 4500003000400000008004100004020001800045082001400063100002100077245008500098260006300183300001100246650008400257700001800341700001800359942001200377999001700389952016700406OSt260626b |||||||| |||| 00| 0 eng d a9788170196532 a635bK16T aKanaujia, S. P.  aTextbook of Vegetable Production /by S. P. Kanaujia, C.S. Maiti and Raj Narayan aDelhi : bToday & Tomorrow Printers and Publishers,c2020. a443 p. aAgriculture and related technologies | Technology (Applied sciences) Vegetables aMaiti, C.S.  aNarayan, Raj  2ddccBK c52347d52347 00102ddc4070aRAUbRAUcGENd2026-06-26eToday & Tomorrow Printers and Publishers g1595.00l0o635 K16Tp87572r2026-06-26w2026-01-29yBKkBill No. IN-00449